Pripomíname si oslobodenie Popradu

Bibliographic Details
Main Author: Argalács, Mikuláš, 1942- (Author)
Format: Article
Language:Slovak
Subjects:

MARC

LEADER 00000nab a2200000 ar4500
001 vtls010349322
003 SK-MaSNL
005 20260303093355.0
008 180405c2012 xo wr|p|||||||000 b|slo
015 |a SNBRB2008  |2 pppk 
038 |a PPPK 
040 |a PPPKCL  |b slo  |c PPPKCL  |e AACR2 
041 0 |a slo 
044 |a xo  |c SK 
080 |a 94(100)"1939/1945"  |2 2001 
080 |a 94 (437.671)  |2 2001 
100 1 |a Argalács, Mikuláš,  |d 1942-  |4 aut  |9 102749 
245 1 0 |a Pripomíname si oslobodenie Popradu  |c Mikuláš Argalács 
648 7 |a 67. výročie  |2 pppkcl  |9 1099212 
650 0 7 |a druhá svetová vojna (1939-1945)  |2 pppkcl  |9 169657 
650 0 7 |a oslobodenie mesta  |2 pppkcl  |9 1022117 
650 0 7 |a pietne spomienky  |2 pppkcl  |9 70960 
651 7 |a Poprad (Slovensko)  |2 pppkcl  |9 20155 
773 0 |t Podtatranský kuriér  |g Roč. II, č. 5 (2012), s. 7 
852 |a PPPK  |b KIS3GCP 
999 |c 1815367  |d 1817297